| 000 | 00463nam a2200205Ia 4500 | ||
|---|---|---|---|
| 003 | OSt | ||
| 005 | 20260206112030.0 | ||
| 008 | 210210b2000 xxu||||| |||| 00| 0 eng d | ||
| 040 |
_aAL _c |
||
| 041 | _aeng | ||
| 082 | _a346.065 RAMB | ||
| 100 |
_aRaman B S _935988 |
||
| 245 | _aBusiness Law | ||
| 250 | _a6 | ||
| 260 |
_aMangalore. _bUnited Publishers., _c2000 |
||
| 300 | _a974p | ||
| 690 |
_aBusiness Law _935989 |
||
| 906 | _a057112 | ||
| 942 |
_2ddc _cBK |
||
| 999 |
_c104361 _d104361 |
||